Normal view MARC view
  • PLAM,J.WILLIAM

Entry Personal Name

Number of records used in: 1

001 - CONTROL NUMBER

  • control field: 91767

003 - CONTROL NUMBER IDENTIFIER

  • control field: NUST

005 - DATE AND TIME OF LATEST TRANSACTION

  • control field: 20220523160257.0

008 - FIXED-LENGTH DATA ELEMENTS

  • fixed length control field: 220523|| aca||aabn | a|a d

040 ## - CATALOGING SOURCE

  • Original cataloging agency: NUST
  • Transcribing agency: NUST

100 ## - HEADING--PERSONAL NAME

  • Personal name: PLAM,J.WILLIAM

670 ## - SOURCE DATA FOUND

  • Source citation: Work cat.: (NUST): PLAM,J.WILLIAM., MATLAB FOR ENGINEERING APPLICATIONS /, 2019.
© 2023 Central Library, National University of Sciences and Technology. All Rights Reserved.